The collected mathematical papers / (Record no. 403003)
[ view plain ]
| 000 -LEADER | |
|---|---|
| fixed length control field | 02252nam a2200625 a 4500 |
| 001 - CONTROL NUMBER | |
| control field | vtls000468128 |
| 003 - CONTROL NUMBER IDENTIFIER | |
| control field | NLI |
| 005 - DATE AND TIME OF LATEST TRANSACTION | |
| control field | 20210603123820.0 |
| 008 - FIXED-LENGTH DATA ELEMENTS--GENERAL INFORMATION | |
| fixed length control field | 110301m188997enk 000 0 eng |
| 039 #9 - LEVEL OF BIBLIOGRAPHIC CONTROL AND CODING DETAIL [OBSOLETE] | |
| -- | 201103011824 |
| -- | Datasoft |
| 040 0# - CATALOGING SOURCE | |
| Original cataloging agency | NLI |
| Language of cataloging | eng |
| Transcribing agency | Retro_DSC 1 |
| Description conventions | AACR2 |
| 041 0# - LANGUAGE CODE | |
| Language code of text/sound track or separate title | eng |
| 044 ## - COUNTRY OF PUBLISHING/PRODUCING ENTITY CODE | |
| MARC country code | enk |
| 082 04 - DEWEY DECIMAL CLASSIFICATION NUMBER | |
| Classification number | 510.8 |
| 100 1# - MAIN ENTRY--PERSONAL NAME | |
| Personal name | Cayley, Arthur, |
| Dates associated with a name | 1821-1895 |
| 9 (RLIN) | 599957 |
| 245 14 - TITLE STATEMENT | |
| Title | The collected mathematical papers / |
| Statement of responsibility, etc. | Arthur Cayley |
| 260 ## - PUBLICATION, DISTRIBUTION, ETC. | |
| Place of publication, distribution, etc. | Cambridge : |
| Name of publisher, distributor, etc. | The University Press, |
| Date of publication, distribution, etc. | 1889-97 |
| 300 ## - PHYSICAL DESCRIPTION | |
| Extent | -v. ; |
| Dimensions | 28 cm. |
| 500 ## - GENERAL NOTE | |
| General note | Library has vol. 1-13 |
| 650 #0 - SUBJECT ADDED ENTRY--TOPICAL TERM | |
| Topical term or geographic name entry element | Mathematics |
| 9 (RLIN) | 1025 |
| 650 #0 - SUBJECT ADDED ENTRY--TOPICAL TERM | |
| Topical term or geographic name entry element | Mechanics, Analytic |
| General subdivision | Collected works |
| 9 (RLIN) | 599958 |
| 710 2# - ADDED ENTRY--CORPORATE NAME | |
| Corporate name or jurisdiction name as entry element | Asutosh Collection (National Library, India) |
| 887 ## - NON-MARC INFORMATION FIELD | |
| Content of non-MARC field | |
| 901 ## - LOCAL DATA ELEMENT A, LDA (RLIN) | |
| a | 22053 |
| b | 17.10.1964 |
| 9 | v.1 |
| 901 ## - LOCAL DATA ELEMENT A, LDA (RLIN) | |
| a | 22041 |
| b | 02.02.1960 |
| 9 | v.2 |
| 901 ## - LOCAL DATA ELEMENT A, LDA (RLIN) | |
| a | 22042 |
| b | 02.02.1960 |
| 9 | v.3 |
| 901 ## - LOCAL DATA ELEMENT A, LDA (RLIN) | |
| a | 22043 |
| b | 02.02.1960 |
| 9 | v.4 |
| 901 ## - LOCAL DATA ELEMENT A, LDA (RLIN) | |
| a | 22044 |
| b | 02.02.1960 |
| 9 | v.5 |
| 901 ## - LOCAL DATA ELEMENT A, LDA (RLIN) | |
| a | 22045 |
| b | 02.02.1960 |
| 9 | v.6 |
| 901 ## - LOCAL DATA ELEMENT A, LDA (RLIN) | |
| a | 22046 |
| b | 02.02.1960 |
| 9 | v.7 |
| 901 ## - LOCAL DATA ELEMENT A, LDA (RLIN) | |
| a | 22047 |
| b | 02.02.1960 |
| 9 | v.8 |
| 901 ## - LOCAL DATA ELEMENT A, LDA (RLIN) | |
| a | 22048 |
| b | 02.02.1960 |
| 9 | v.9 |
| 901 ## - LOCAL DATA ELEMENT A, LDA (RLIN) | |
| a | 22049 |
| b | 02.02.1960 |
| 9 | v.10 |
| 901 ## - LOCAL DATA ELEMENT A, LDA (RLIN) | |
| a | 22050 |
| b | 02.02.1960 |
| 9 | v.11 |
| 901 ## - LOCAL DATA ELEMENT A, LDA (RLIN) | |
| a | 22051 |
| b | 02.02.1960 |
| 9 | v.12 |
| 901 ## - LOCAL DATA ELEMENT A, LDA (RLIN) | |
| a | 22052 |
| b | 02.02.1960 |
| 9 | v.13 |
| 901 ## - LOCAL DATA ELEMENT A, LDA (RLIN) | |
| a | 31801 |
| b | 02.02.1960 |
| 9 | supp. v.ol |
| 902 ## - LOCAL DATA ELEMENT B, LDB (RLIN) | |
| a | A.C 510.8 C 2 |
| 942 ## - ADDED ENTRY ELEMENTS (KOHA) | |
| Source of classification or shelving scheme | Dewey Decimal Classification |
| Koha item type | Books |
| 949 ## - LOCAL PROCESSING INFORMATION (OCLC) | |
| -- | VIRTUAITEM |
| -- | 10000 |
| -- | 100 |
| 6 | GAC000022053ENG |
| 9 | v.1 |
| 949 ## - LOCAL PROCESSING INFORMATION (OCLC) | |
| -- | VIRTUAITEM |
| -- | 10000 |
| -- | 100 |
| 6 | GAC000022041ENG |
| 9 | v.2 |
| 949 ## - LOCAL PROCESSING INFORMATION (OCLC) | |
| -- | VIRTUAITEM |
| -- | 10000 |
| -- | 100 |
| 6 | GAC000022042ENG |
| 9 | v.3 |
| 949 ## - LOCAL PROCESSING INFORMATION (OCLC) | |
| -- | VIRTUAITEM |
| -- | 10000 |
| -- | 100 |
| 6 | GAC000022043ENG |
| 9 | v.4 |
| 949 ## - LOCAL PROCESSING INFORMATION (OCLC) | |
| -- | VIRTUAITEM |
| -- | 10000 |
| -- | 100 |
| 6 | GAC000022044ENG |
| 9 | v.5 |
| 949 ## - LOCAL PROCESSING INFORMATION (OCLC) | |
| -- | VIRTUAITEM |
| -- | 10000 |
| -- | 100 |
| 6 | GAC000022045ENG |
| 9 | v.6 |
| 949 ## - LOCAL PROCESSING INFORMATION (OCLC) | |
| -- | VIRTUAITEM |
| -- | 10000 |
| -- | 100 |
| 6 | GAC000022046ENG |
| 9 | v.7 |
| 949 ## - LOCAL PROCESSING INFORMATION (OCLC) | |
| -- | VIRTUAITEM |
| -- | 10000 |
| -- | 100 |
| 6 | GAC000022047ENG |
| 9 | v.8 |
| 949 ## - LOCAL PROCESSING INFORMATION (OCLC) | |
| -- | VIRTUAITEM |
| -- | 10000 |
| -- | 100 |
| 6 | GAC000022048ENG |
| 9 | v.9 |
| 949 ## - LOCAL PROCESSING INFORMATION (OCLC) | |
| -- | VIRTUAITEM |
| -- | 10000 |
| -- | 100 |
| 6 | GAC000022049ENG |
| 9 | v.10 |
| 949 ## - LOCAL PROCESSING INFORMATION (OCLC) | |
| -- | VIRTUAITEM |
| -- | 10000 |
| -- | 100 |
| 6 | GAC000022050ENG |
| 9 | v.11 |
| 949 ## - LOCAL PROCESSING INFORMATION (OCLC) | |
| -- | VIRTUAITEM |
| -- | 10000 |
| -- | 100 |
| 6 | GAC000022051ENG |
| 9 | v.12 |
| 949 ## - LOCAL PROCESSING INFORMATION (OCLC) | |
| -- | VIRTUAITEM |
| -- | 10000 |
| -- | 100 |
| 6 | GAC000022052ENG |
| 9 | v.13 |
| 949 ## - LOCAL PROCESSING INFORMATION (OCLC) | |
| -- | VIRTUAITEM |
| -- | 10000 |
| -- | 100 |
| 6 | GAC000031801ENG |
| 9 | supp. v.ol |
| Withdrawn status | Lost status | Damaged status | Not for loan | Collection code | Home library | Current library | Shelving location | Date acquired | Total Checkouts | Full call number | Barcode | Date last seen | Price effective from | Koha item type |
|---|---|---|---|---|---|---|---|---|---|---|---|---|---|---|
| National Library of India | National Library of India | A.C 510.8 C 2 | GAC000022053ENG | 03/06/2021 | 03/06/2021 | Books | ||||||||
| National Library of India | National Library of India | A.C 510.8 C 2 | GAC000022041ENG | 03/06/2021 | 03/06/2021 | Books | ||||||||
| National Library of India | National Library of India | A.C 510.8 C 2 | GAC000022042ENG | 03/06/2021 | 03/06/2021 | Books | ||||||||
| National Library of India | National Library of India | A.C 510.8 C 2 | GAC000022043ENG | 03/06/2021 | 03/06/2021 | Books | ||||||||
| National Library of India | National Library of India | A.C 510.8 C 2 | GAC000022044ENG | 03/06/2021 | 03/06/2021 | Books | ||||||||
| National Library of India | National Library of India | A.C 510.8 C 2 | GAC000022045ENG | 03/06/2021 | 03/06/2021 | Books | ||||||||
| National Library of India | National Library of India | A.C 510.8 C 2 | GAC000022046ENG | 03/06/2021 | 03/06/2021 | Books | ||||||||
| National Library of India | National Library of India | A.C 510.8 C 2 | GAC000022047ENG | 03/06/2021 | 03/06/2021 | Books | ||||||||
| National Library of India | National Library of India | A.C 510.8 C 2 | GAC000022048ENG | 03/06/2021 | 03/06/2021 | Books | ||||||||
| National Library of India | National Library of India | A.C 510.8 C 2 | GAC000022049ENG | 03/06/2021 | 03/06/2021 | Books | ||||||||
| National Library of India | National Library of India | A.C 510.8 C 2 | GAC000022050ENG | 03/06/2021 | 03/06/2021 | Books | ||||||||
| National Library of India | National Library of India | A.C 510.8 C 2 | GAC000022051ENG | 03/06/2021 | 03/06/2021 | Books | ||||||||
| National Library of India | National Library of India | A.C 510.8 C 2 | GAC000022052ENG | 03/06/2021 | 03/06/2021 | Books | ||||||||
| National Library of India | National Library of India | A.C 510.8 C 2 | GAC000031801ENG | 03/06/2021 | 03/06/2021 | Books |
